Concordatos y quiebras de los comerciantes (Registro nro. 17975)

Detalles MARC
000 -ENCABEZADO
Número de control [NR] 00888nam a2200241Ia 4500
008 - DE LONGITUD FIJA DE DATOS DE ELEMENTOS - INFORMACIÓN GENERAL
Elementos de longitud fija [NR] 130821s1983 ck gr spa
040 ## - FUENTE DE CATALOGACION [NR]
Agencia de catalogación original [NR] Co-BoUCM
Idioma de catalogación [NR] spa
041 ## - CODIGO DE IDIOMA [R]
Código de idioma para texto/pista de sonido o título separado [R] Español
245 10 - MENCION DE TITULO [NR]
Título [NR] Concordatos y quiebras de los comerciantes
Mención de responsabilidad, etc. [NR] Hernando Morales Molina... [et al.].
260 ## - PUBLICACION, DISTRIBUCION, ETC. (PIE DE IMPRENTA) [R]
Lugar de publicación, distribución, etc. [R] Medellín (Antioquia, Colombia)
Nombre del editor, distribuidor, etc. [R] Biblioteca Jurídica
Fecha de publicación, distribución, etc. [R] 1983
300 ## - DESCRIPCION FISICA [R]
Extensión [R] 270 páginas
650 04 - ASIENTO SECUNDARIO DE MATERIA - TERMINO TEMATICO [R]
Término temático o nombre geográfico como elemento de entrada [NR] Concordato (Derecho comercial)
Subdivisión geográfica [R] Colombia
9 (RLIN) 106816
650 04 - ASIENTO SECUNDARIO DE MATERIA - TERMINO TEMATICO [R]
Término temático o nombre geográfico como elemento de entrada [NR] Derecho comercial
9 (RLIN) 12717
650 04 - ASIENTO SECUNDARIO DE MATERIA - TERMINO TEMATICO [R]
Término temático o nombre geográfico como elemento de entrada [NR] Derecho comercial
Subdivisión geográfica [R] Colombia
9 (RLIN) 33552
650 04 - ASIENTO SECUNDARIO DE MATERIA - TERMINO TEMATICO [R]
Término temático o nombre geográfico como elemento de entrada [NR] Quiebra
Subdivisión geográfica [R] Colombia
9 (RLIN) 22978
700 1# - ASIENTO SECUNDARIO - NOMBRE PERSONAL [R]
Nombre personal [NR] Gabino Pinzón, José
9 (RLIN) 156256
700 1# - ASIENTO SECUNDARIO - NOMBRE PERSONAL [R]
Nombre personal [NR] Gaviria G., Enrique
9 (RLIN) 156257
700 1# - ASIENTO SECUNDARIO - NOMBRE PERSONAL [R]
Nombre personal [NR] Montoya Gil, Horacio
9 (RLIN) 115627
700 1# - ASIENTO SECUNDARIO - NOMBRE PERSONAL [R]
Nombre personal [NR] Morales Molina, Hernando
9 (RLIN) 30290
700 1# - ASIENTO SECUNDARIO - NOMBRE PERSONAL [R]
Nombre personal [NR] Trujillo Calle, Bernardo
9 (RLIN) 42127
942 ## - ELEMENTOS DE ENTRADA AGREGADOS (KOHA)
Tipo de ítem principal el descrito en 300a Libro
Sistema de clasificación DEWEY
Tema principal Derecho
Edición 1
Clasificación 346.078
Parte restante de la signatura top. C744
Existencias
Fecha de último préstamo Signatura topográfica Código de barras Última vez visto Ejemplar Price effective from Tipo de ítem Perdido Sistema de clasificación Dañado No prestable Tipo de ítem específico Suprimido Ubicación habitual Ubicación actual Localización Fecha de creación Forma de adquisición Costo
08/09/2010 346.078 C744 100011001 06/06/2024 Ej.1 03/02/2013 Libro   DEWEY     Libro   Bodega Bodega 3er piso 28/02/2003 Compra 900.00